000 00307nam a2200121Ia 4500
008 220204s9999 xx 000 0 und d
082 _a339.9
_bKIN
100 _aKINDLEBERGER, C P
245 0 _aInternational economics
260 _aBombay
_bTaraporevala
_c1977
650 _aInternational trade
942 _cBK
999 _c27733
_d27733